[Event "Saint Louis Masters op"]
[Site "Saint Louis"]
[Date "2024.12.06"]
[Round "8"]
[White "Proleiko, Julian"]
[Black "Abrahamyan, Tatev"]
[Result "0-1"]
[WhiteElo "2265"]
[BlackElo "2304"]
[PlyCount "80"]
[EventDate "2024.12.03"]
[EventType "swiss"]
[EventRounds "9"]
[EventCountry "USA"]
[SourceTitle "CB50_2024"]
[SourceDate "2024.11.01"]
[SourceVersion "1"]
[SourceVersionDate "2024.11.01"]
[SourceQuality "2"]

1. d4 Nf6 2. Nf3 e6 3. c4 d5 4. Nc3 Nbd7 5. cxd5 exd5 6. Bf4 Nb6 7. Qc2 g6 8. Nb5 Bb4+ 9. Bd2 Bxd2+ 10. Nxd2 c6 11. Nc3 Bf5 12. Qb3 0-0 13. e3 Qe7 14. Be2 Nc8 15. h3 Nd6 16. g4 Be6 17. a4 Nfe4 18. Ndxe4 Nxe4 19. Nxe4 dxe4 20. Bc4 Bxc4 21. Qxc4 Qh4 22. Rc1 Rad8 23. Qb3 Rd7 24. Rc5 Kg7 25. Re5 f6 26. Rxe4 f5 27. Rf4 fxg4 28. Rxf8 Kxf8 29. Qe6 Rf7 30. Qd6+ Kg8 31. Rh2 gxh3 32. Qb8+ Rf8 33. Qxb7 Qg4 34. Qb3+ Kg7 35. Kf1 Qg3 36. Qb7+ Kg8 37. Qb3+ Kh8 38. Qb4 Rf7 39. Qc4 Rf5 40. e4 Rf4 0-1

[Event "Saint Louis Masters op"]
[Site "Saint Louis"]
[Date "2024.12.05"]
[Round "6"]
[White "Williams, Justus D"]
[Black "Proleiko, Julian"]
[Result "1-0"]
[WhiteElo "2359"]
[BlackElo "2265"]
[PlyCount "133"]
[EventDate "2024.12.03"]
[EventType "swiss"]
[EventRounds "9"]
[EventCountry "USA"]
[SourceTitle "CB50_2024"]
[SourceDate "2024.11.01"]
[SourceVersion "1"]
[SourceVersionDate "2024.11.01"]
[SourceQuality "2"]

1. Nf3 d5 2. g3 Nd7 3. d4 Nb6 4. a4 a5 5. b3 Bf5 6. Ba3 Nf6 7. Bg2 g6 8. Nbd2 Bg7 9. e3 0-0 10. 0-0 c6 11. Rc1 Re8 12. c4 Ne4 13. cxd5 cxd5 14. Nxe4 Bxe4 15. Qe2 Nc8 16. Qb5 Nd6 17. Bxd6 Qxd6 18. Nd2 Bxg2 19. Kxg2 Reb8 20. Rc5 e6 21. Rfc1 Qa6 22. Rc7 Qxb5 23. axb5 b6 24. Nf3 Bf6 25. R1c6 Kf8 26. Ne5 Bxe5 27. dxe5 a4 28. bxa4 Rxa4 29. Rd6 Rc4 30. Ra7 Kg8 31. Rdd7 Rf8 32. Rdb7 Re4 33. Rxb6 Rxe5 34. Ra4 Kg7 35. Kf3 g5 36. Rb4 Rf5+ 37. Ke2 d4 38. exd4 Ra8 39. Rc6 Ra2+ 40. Kd3 Rf3+ 41. Ke4 Rfxf2 42. Ke5 Rf5+ 43. Kd6 Rd5+ 44. Kc7 Ra7+ 45. Kb8 Rdd7 46. b6 Rab7+ 47. Ka8 h5 48. Rc8 Re7 49. Rb8 Rbd7 50. b7 Rd5 51. Ka7 e5 52. Rc8 exd4 53. Ka6 Re6+ 54. Rb6 Rxb6+ 55. Kxb6 d3 56. Rc1 Rd4 57. b8Q Rb4+ 58. Ka7 Ra4+ 59. Kb7 Rb4+ 60. Kc8 Rxb8+ 61. Kxb8 Kf6 62. Rd1 Ke5 63. Rxd3 f5 64. Re3+ Kd4 65. Re8 f4 66. gxf4 gxf4 67. Rh8 1-0

[Event "Chesterfield SPICE Cup op 18th"]
[Site "Chesterfield"]
[Date "2024.10.14"]
[Round "3"]
[White "Proleiko, Julian"]
[Black "Jing, Andrew"]
[Result "1/2-1/2"]
[WhiteElo "2276"]
[BlackElo "2060"]
[PlyCount "59"]
[EventDate "2024.10.13"]
[EventType "swiss"]
[EventRounds "9"]
[EventCountry "USA"]
[SourceTitle "CB43_2024"]
[Source "Chessbase"]
[SourceDate "2024.10.23"]
[SourceVersion "1"]
[SourceVersionDate "2024.10.23"]
[SourceQuality "1"]

1. Nf3 Nf6 2. g3 g6 3. b3 Bg7 4. Bb2 0-0 5. Bg2 c5 6. c4 d6 7. 0-0 e5 8. d3 Nc6 9. Nc3 h6 10. e3 Be6 11. d4 exd4 12. exd4 d5 13. cxd5 Nxd5 14. Na4 cxd4 15. Nxd4 Nxd4 16. Bxd4 b6 17. Bxg7 Kxg7 18. Qd2 Rc8 19. Rad1 Nc7 20. Qc1 Qe7 21. Bb7 Rcd8 22. Qc3+ Kh7 23. Bg2 Rxd1 24. Rxd1 Rd8 25. Re1 Nd5 26. Qe5 Qf6 27. Qe2 Nb4 28. h4 h5 29. Be4 Kg7 30. Rc1 1/2-1/2

[Event "Chesterfield SPICE Cup op"]
[Site "Chesterfield"]
[Date "2023.12.21"]
[Round "8"]
[White "Proleiko, Julian"]
[Black "Lee, Alice"]
[Result "1/2-1/2"]
[WhiteElo "2220"]
[BlackElo "2380"]
[PlyCount "61"]
[EventDate "2023.12.17"]
[EventType "swiss"]
[EventRounds "9"]
[EventCountry "USA"]
[SourceTitle "CBM 217 Extra"]
[Source "ChessBase"]
[SourceDate "2024.01.31"]
[SourceVersion "1"]
[SourceVersionDate "2024.01.31"]
[SourceQuality "1"]

1. e4 e5 2. Nf3 Nf6 3. Nxe5 d6 4. Nf3 Nxe4 5. d3 Nf6 6. d4 d5 7. Bd3 Bd6 8. Qe2+ Qe7 9. Qxe7+ Bxe7 10. 0-0 0-0 11. Nc3 c6 12. Ne2 Re8 13. Ng3 h6 14. Bf4 Bg4 15. Ne5 Be6 16. Nf5 Bf8 17. a4 Ne4 18. Bxe4 dxe4 19. Ng3 f6 20. Ng6 Bb4 21. c3 Bf7 22. Nh4 Bf8 23. Nhf5 h5 24. h4 g6 25. Nd6 Bxd6 26. Bxd6 Nd7 27. Rfe1 Bd5 28. a5 b5 29. Ne2 a6 30. Nf4 Kf7 31. b4 1/2-1/2

[Event "Chesterfield SPICE Cup op"]
[Site "Chesterfield"]
[Date "2022.12.19"]
[Round "3"]
[White "Reiss, Aiden"]
[Black "Proleiko, Julian"]
[Result "1-0"]
[WhiteElo "2004"]
[BlackElo "2243"]
[PlyCount "33"]
[EventDate "2022.12.18"]
[EventType "swiss"]
[EventRounds "9"]
[EventCountry "USA"]
[SourceTitle "CBM 212 Extra"]
[Source "ChessBase"]
[SourceDate "2023.03.31"]
[SourceVersion "1"]
[SourceVersionDate "2023.03.31"]
[SourceQuality "1"]

1. e4 d5 2. exd5 Qxd5 3. Nc3 Qa5 4. d4 Nf6 5. Bc4 Bf5 6. Nf3 e6 7. 0-0 Bb4 8. d5 Bxc3 9. dxe6 fxe6 10. bxc3 0-0 11. Qe2 Nd5 12. Nd4 c6 13. Rb1 b6 14. Nxf5 exf5 15. Rb5 Qxb5 16. Bxb5 cxb5 17. Qe6+ 1-0

[Event "Chesterfield SPICE Cup op"]
[Site "Chesterfield"]
[Date "2022.12.18"]
[Round "1"]
[White "Proleiko, Julian"]
[Black "Rahul, Srivatshav P"]
[Result "1/2-1/2"]
[WhiteElo "2243"]
[BlackElo "2498"]
[PlyCount "109"]
[EventDate "2022.12.18"]
[EventType "swiss"]
[EventRounds "9"]
[EventCountry "USA"]
[SourceTitle "CBM 212 Extra"]
[Source "ChessBase"]
[SourceDate "2023.03.31"]
[SourceVersion "1"]
[SourceVersionDate "2023.03.31"]
[SourceQuality "1"]

1. d4 d5 2. c4 c6 3. Nf3 Nf6 4. e3 Bf5 5. Bd3 Bxd3 6. Qxd3 e6 7. 0-0 Nbd7 8. Nbd2 Be7 9. b3 a5 10. a4 0-0 11. Bb2 Qb6 12. Rfb1 Rfd8 13. Bc3 Bb4 14. c5 Qc7 15. Bb2 b6 16. cxb6 Qxb6 17. Qe2 Rdc8 18. Rc1 Qa6 19. Qxa6 Rxa6 20. Rc2 c5 21. Rac1 Rac6 22. Kf1 Kf8 23. Ke2 Ke7 24. h3 R6c7 25. dxc5 Rxc5 26. Rxc5 Rxc5 27. Rxc5 Nxc5 28. g4 h6 29. Nd4 Kd6 30. N2f3 h5 31. Nb5+ Ke7 32. Nfd4 hxg4 33. hxg4 Kd7 34. f3 Ne8 35. Nc3 f6 36. Na2 e5 37. Nc2 Nxb3 38. Ncxb4 axb4 39. Nxb4 Ke6 40. Nd3 Nd6 41. Ba3 Nc4 42. Bb4 Kd7 43. Nc5+ Nxc5 44. Bxc5 g6 45. Bb4 f5 46. gxf5 gxf5 47. e4 fxe4 48. fxe4 d4 49. Be1 Kc6 50. Bg3 Kd6 51. Bh2 Na5 52. Kd3 Nb3 53. Bg1 Na5 54. Bxd4 exd4 55. Kxd4 1/2-1/2

[Event "Charlotte CCCSA Fall IM-F"]
[Site "Charlotte"]
[Date "2022.11.21"]
[Round "7"]
[White "Proleiko, Julian"]
[Black "Zaloznyy, Mike"]
[Result "1-0"]
[WhiteElo "2220"]
[BlackElo "2226"]
[PlyCount "75"]
[EventDate "2022.11.18"]
[EventType "tourn"]
[EventRounds "9"]
[EventCountry "USA"]
[SourceTitle "CBM 211 Extra"]
[Source "ChessBase"]
[SourceDate "2023.01.31"]
[SourceVersion "1"]
[SourceVersionDate "2023.01.31"]
[SourceQuality "1"]

1. c4 e6 2. g3 d5 3. Bg2 a6 4. Qb3 Nf6 5. Nf3 Be7 6. 0-0 0-0 7. d3 Nc6 8. Rd1 d4 9. e4 e5 10. Bg5 Nd7 11. Bd2 Nc5 12. Qc2 a5 13. Be1 f5 14. exf5 Bxf5 15. Qe2 Nxd3 16. Rxd3 e4 17. Rb3 d3 18. Qe3 b6 19. Rb5 exf3 20. Rd5 fxg2 21. Rxd8 Raxd8 22. Nd2 Bh3 23. g4 Nd4 24. Qxd3 Bg5 25. Ne4 Rf3 26. Qd1 Bh4 27. Bc3 Rf4 28. Bxd4 Rxe4 29. Qf3 Rdxd4 30. Qxh3 Rxg4 31. Re1 h5 32. Qe3 Rxc4 33. Qd2 Rgf4 34. Qd5+ Kf8 35. Qa8+ Kf7 36. Qe8+ Kf6 37. Qe6+ Kg5 38. Re5+ 1-0

[Event "Charlotte CCCSA Fall IM-F"]
[Site "Charlotte"]
[Date "2022.11.20"]
[Round "6"]
[White "Nagy, Gabor"]
[Black "Proleiko, Julian"]
[Result "1-0"]
[WhiteElo "2482"]
[BlackElo "2220"]
[PlyCount "102"]
[EventDate "2022.11.18"]
[EventType "tourn"]
[EventRounds "9"]
[EventCountry "USA"]
[SourceTitle "CBM 211 Extra"]
[Source "ChessBase"]
[SourceDate "2023.01.31"]
[SourceVersion "1"]
[SourceVersionDate "2023.01.31"]
[SourceQuality "1"]

1. d4 d5 2. c4 e6 3. Nf3 Nf6 4. e3 c5 5. cxd5 exd5 6. Bb5+ Bd7 7. Bxd7+ Nbxd7 8. dxc5 Bxc5 9. 0-0 0-0 10. Nc3 Nb6 11. b3 Ne4 12. Bb2 Rc8 13. Ne2 Re8 14. Nf4 Qe7 15. Nd4 Qg5 16. Rc1 Bd6 17. Rxc8 Rxc8 18. f3 Nc5 19. Qd2 Ne6 20. g3 Nxd4 21. Bxd4 Qf5 22. Nd3 h5 23. Qe2 Rc6 24. e4 Qc8 25. Rf2 dxe4 26. fxe4 Qg4 27. Qxg4 hxg4 28. Rd2 Ba3 29. Kf2 Re6 30. e5 Nd5 31. Bxa7 Rh6 32. Kg1 b6 33. Rc2 Nb4 34. Nxb4 Bxb4 35. Rc4 Bc5+ 36. Kg2 Re6 37. b4 Bf8 38. a4 g6 39. Rxg4 b5 40. a5 Rxe5 41. Kf3 Re1 42. Re4 Rf1+ 43. Ke2 Ra1 44. Re8 Ra2+ 45. Kd3 Kg7 46. Bd4+ f6 47. Bc3 Ra4 48. Re4 Ra2 49. Re6 Ra4 50. Rxf6 Ra3 51. Rb6+ Kg8 1-0

[Event "Saint Louis 1000 IM 1st"]
[Site "Saint Louis"]
[Date "2022.07.22"]
[Round "8"]
[White "Proleiko, Julian"]
[Black "Altman, Joshua"]
[Result "1-0"]
[WhiteElo "2238"]
[BlackElo "2162"]
[PlyCount "113"]
[EventDate "2022.07.19"]
[EventType "tourn"]
[EventRounds "9"]
[EventCountry "USA"]
[EventCategory "3"]
[SourceTitle "CBM 209 Extra"]
[Source "ChessBase"]
[SourceDate "2022.09.30"]
[SourceVersion "1"]
[SourceVersionDate "2022.09.30"]
[SourceQuality "1"]

1. Nf3 Nf6 2. c4 e6 3. Nc3 Bb4 4. Qc2 0-0 5. e4 d6 6. d4 e5 7. d5 Bxc3+ 8. bxc3 Nbd7 9. Bg5 Nc5 10. Nd2 Bd7 11. Bd3 a6 12. Nb3 b6 13. Nxc5 bxc5 14. Qe2 h6 15. Bh4 Rb8 16. 0-0 g5 17. Bg3 Nxe4 18. Bxe4 f5 19. Bc2 f4 20. h3 fxg3 21. fxg3 Qe7 22. g4 Rxf1+ 23. Rxf1 Rf8 24. Rb1 Qf7 25. Qe4 Bc8 26. Bd3 Qg7 27. Qe3 Qf6 28. Qe4 Qf7 29. Kh1 Qg7 30. Rb8 Qf7 31. Ra8 Qg7 32. a4 Qf7 33. a5 h5 34. Qe3 hxg4 35. Qxg5+ Qg7 36. Qxg7+ Kxg7 37. hxg4 Bb7 38. Rxf8 Kxf8 39. Bf5 Kg7 40. Bd7 Kf6 41. Kg1 Kg5 42. Kf2 Kf4 43. g3+ Kg5 44. Kf3 Kg6 45. Kg2 Kf6 46. Kh3 Kg5 47. Kg2 Kf6 48. g5+ Kg6 49. g4 Kxg5 50. Kg3 Kf6 51. Kh4 Kg6 52. Bf5+ Kf6 53. Kh5 Kg7 54. Kg5 c6 55. dxc6 Bxc6 56. Bc8 e4 57. Kf4 1-0

[Event "Saint Louis 1000 IM 1st"]
[Site "Saint Louis"]
[Date "2022.07.20"]
[Round "3"]
[White "Proleiko, Julian"]
[Black "Tokhirjonova, Gulruhbegim"]
[Result "1/2-1/2"]
[WhiteElo "2238"]
[BlackElo "2329"]
[PlyCount "168"]
[EventDate "2022.07.19"]
[EventType "tourn"]
[EventRounds "9"]
[EventCountry "USA"]
[EventCategory "3"]
[SourceTitle "CBM 209 Extra"]
[Source "ChessBase"]
[SourceDate "2022.09.30"]
[SourceVersion "1"]
[SourceVersionDate "2022.09.30"]
[SourceQuality "1"]

1. d4 Nf6 2. c4 e6 3. Nc3 Bb4 4. f3 c5 5. d5 b5 6. e4 bxc4 7. Bxc4 exd5 8. Bxd5 Nxd5 9. Qxd5 Nc6 10. Nge2 0-0 11. 0-0 Rb8 12. Rd1 Ne7 13. Qg5 Rb6 14. Nf4 h6 15. Qg3 Bxc3 16. bxc3 Bb7 17. Be3 Qc8 18. Nd3 Re8 19. Bxc5 Rg6 20. Qf2 d6 21. Bxa7 d5 22. Nf4 dxe4 23. Nxg6 Nxg6 24. fxe4 Bxe4 25. Bd4 f5 26. Qb2 Nf4 27. Rd2 Re6 28. Rf1 Qc7 29. Be3 Nd5 30. Qb3 Rg6 31. Rxf5 Bxf5 32. Qxd5+ Be6 33. Qd8+ Qxd8 34. Rxd8+ Kf7 35. a4 Ke7 36. Rd2 Bc8 37. a5 Bb7 38. Bc5+ Ke8 39. Rb2 Bd5 40. Bb6 Bb7 41. c4 Rg4 42. c5 Kd7 43. Ra2 Ba6 44. Rd2+ Ke7 45. c6 Rc4 46. c7 Bb7 47. g3 g5 48. Kf2 h5 49. Rd8 h4 50. gxh4 gxh4 51. Ke3 h3 52. Rb8 Ba6 53. Kf3 Kd7 54. Rd8+ Ke7 55. Kg3 Rc3+ 56. Kh4 Bb7 57. Rg8 Kd6 58. Rg3 Rc4+ 59. Rg4 Rc3 60. Rd4+ Kc6 61. Rd8 Kb5 62. Rb8 Ka6 63. Kg4 Bd5 64. Rh8 Be6+ 65. Kf4 Kb7 66. Rb8+ Ka6 67. Ke5 Bg4 68. Rg8 Bd7 69. Kd6 Bf5 70. Ra8+ Kb5 71. Rf8 Bg4 72. Ke7 Ka6 73. Ra8+ Kb7 74. Ra7+ Kc8 75. Ra8+ Kb7 76. Rb8+ Ka6 77. Kd6 Rc2 78. Rg8 Bf5 79. Rf8 Bg4 80. Rf2 Rxf2 81. Bxf2 Kxa5 82. Kc6 Ka6 83. Bg3 Bf3+ 84. Kd7 Bg4+ 1/2-1/2

[Event "Saint Louis Congress IM"]
[Site "Saint Louis"]
[Date "2022.05.20"]
[Round "3"]
[White "Proleiko, Julian"]
[Black "Rodriguez Rivera, Pedro"]
[Result "1-0"]
[WhiteElo "2204"]
[BlackElo "2197"]
[PlyCount "63"]
[EventDate "2022.05.19"]
[EventType "tourn"]
[EventRounds "9"]
[EventCountry "USA"]
[EventCategory "3"]
[SourceTitle "CBM 208 Extra"]
[Source "ChessBase"]
[SourceDate "2022.07.31"]
[SourceVersion "1"]
[SourceVersionDate "2022.07.31"]
[SourceQuality "1"]

1. e4 d6 2. d4 Nf6 3. Nc3 e6 4. Nf3 Be7 5. Bd3 Nbd7 6. Bf4 a6 7. 0-0 c5 8. e5 dxe5 9. dxe5 Nd5 10. Nxd5 exd5 11. c4 dxc4 12. Be4 Nb6 13. Qc2 Qc7 14. Rad1 Be6 15. Ng5 Bxg5 16. Bxg5 h6 17. Bh4 g5 18. Bg3 Rd8 19. Rd6 Nc8 20. Rxd8+ Kxd8 21. f4 gxf4 22. Rd1+ Ke8 23. Bh4 Ne7 24. Bf6 Rg8 25. Qa4+ Bd7 26. Qxc4 b5 27. Qf1 c4 28. Qxf4 c3 29. bxc3 Rg4 30. Qf3 Qc5+ 31. Kh1 Be6 32. Bc6+ 1-0

[Event "Charlotte CCCSA Spring GM-B"]
[Site "Charlotte"]
[Date "2022.05.08"]
[Round "8"]
[White "Lee, Alice"]
[Black "Proleiko, Julian"]
[Result "0-1"]
[WhiteElo "2344"]
[BlackElo "2204"]
[PlyCount "118"]
[EventDate "2022.05.04"]
[EventType "tourn"]
[EventRounds "9"]
[EventCountry "USA"]
[EventCategory "6"]
[SourceTitle "CBM 208 Extra"]
[Source "ChessBase"]
[SourceDate "2022.07.31"]
[SourceVersion "1"]
[SourceVersionDate "2022.07.31"]
[SourceQuality "1"]

1. d4 Nf6 2. c4 e6 3. Nf3 b6 4. g3 Bb7 5. Bg2 Bb4+ 6. Bd2 c5 7. d5 exd5 8. Nh4 0-0 9. Nc3 b5 10. Nxd5 Bxd5 11. cxd5 Bxd2+ 12. Qxd2 d6 13. 0-0 Nbd7 14. a4 b4 15. b3 a5 16. Nf5 Ne8 17. e4 g6 18. Ne3 Nef6 19. Rfe1 Re8 20. Qc2 Nb6 21. Nc4 Nxc4 22. Qxc4 Nd7 23. f4 Qc7 24. Rac1 Qa7 25. Kh1 Nb6 26. Qc2 c4 27. bxc4 Nd7 28. e5 Nc5 29. f5 dxe5 30. d6 e4 31. Rxe4 Nxe4 32. Bxe4 b3 33. Qd3 b2 34. Rb1 Rad8 35. fxg6 hxg6 36. Rxb2 Qc5 37. d7 Re7 38. Rb5 Qf2 39. Rb1 Rdxd7 40. Qf3 Rd2 41. Qxf2 Rxf2 42. Bd5 Rd2 43. Kg1 Kg7 44. Rc1 Ree2 45. Rf1 f5 46. Bb7 Rb2 47. Bd5 Rxh2 48. c5 Rhc2 49. c6 Rc3 50. Kh1 Rd2 51. Bf3 Ra2 52. g4 Rxa4 53. gxf5 Rf4 54. Kg2 Rxf5 55. Rf2 a4 56. Ra2 Rfxf3 57. Rxa4 Rf7 58. Kh1 Rc7 59. Ra2 R3xc6 0-1